00548nam a2200193 a 4500001001300000003000900013005001700022008004100039020002300080082001700103100002400120245004400144260005400188300001000242500003500252505001800287650002500305700002400330nice12345678IN_TiNIC20260116014204.0140217s2007 newa grp 000 0 eng  a8174353593 c25000a291.172bAAS aAasi, Ghulam Haider aMuslim Understanding of Other Religions aNew Delhi bAdam Publisher and Distributer c2007 a231p  aincludes index and biblioraphy2 abiblio, index aComparative Religion1 aAasi, Ghulam Haider